Computer language by Logo - Statistics

General Stats
  • This quiz has been taken 142 times
  • The average score is 7 of 16
Answer Stats
Picture Answer % Correct
Java
97%
Python
90%
C++
78%
Ruby
77%
Html
60%
Visual Studio
57%
Scratch
52%
Swift
46%
Bash
41%
php
39%
MySQL
26%
ReactJs
23%
OCaml
16%
Perl
13%
Scala
12%
Processing
4%
No matching quizzes found
Score Distribution
Percent of People with Each Score
Percentile by Number Answered
Your Score History
You have not taken this quiz